[Event "SVK-chT 0405"]
[Site "Slovakia"]
[Date "2005.04.10"]
[Round "11"]
[White "Sarkozy, Ladislav"]
[Black "Harasta, Vladimir"]
[Result "1/2-1/2"]
[WhiteElo "2418"]
[BlackElo "2155"]
[PlyCount "46"]
[EventDate "2004.11.13"]
[EventType "team-tourn"]
[EventRounds "11"]
[EventCountry "SVK"]
[SourceTitle "EXT 2019"]
[Source "ChessBase"]
[SourceDate "2018.10.10"]
[SourceVersion "1"]
[SourceVersionDate "2018.10.10"]
[SourceQuality "1"]
[WhiteTeam "Liptov"]
[BlackTeam "Bratislava Slovan II"]
[WhiteTeamCountry "SVK"]
[BlackTeamCountry "SVK"]

1. e4 e5 2. Nf3 Nc6 3. Bb5 Bc5 4. 0-0 Nge7 5. c3 Bb6 6. d4 exd4 7. cxd4 d5 8. exd5 Nxd5 9. Re1+ Be6 10. Ng5 0-0 11. Bxc6 bxc6 12. Nc3 Qf6 13. Nxd5 Bxd5 14. Qd3 Qg6 15. Qxg6 hxg6 16. Be3 Rfe8 17. Nh3 Re4 18. Red1 f6 19. Nf4 Bf7 20. Ne2 Rae8 21. Nc3 R4e7 22. Na4 Bd5 23. Nxb6 cxb6 1/2-1/2

[Event "SVK-chT 0405"]
[Site "Slovakia"]
[Date "2005.01.08"]
[Round "5"]
[White "Hacik, Radomir"]
[Black "Harasta, Vladimir"]
[Result "0-1"]
[WhiteElo "2259"]
[BlackElo "2155"]
[PlyCount "124"]
[EventDate "2004.11.13"]
[EventType "team-tourn"]
[EventRounds "11"]
[EventCountry "SVK"]
[SourceTitle "EXT 2019"]
[Source "ChessBase"]
[SourceDate "2018.10.10"]
[SourceVersion "1"]
[SourceVersionDate "2018.10.10"]
[SourceQuality "1"]
[WhiteTeam "Bratislava Slovan"]
[BlackTeam "Bratislava Slovan II"]
[WhiteTeamCountry "SVK"]
[BlackTeamCountry "SVK"]

1. e4 e5 2. Nf3 Nc6 3. Bb5 Bc5 4. 0-0 Nge7 5. c3 Bb6 6. d4 exd4 7. cxd4 d5 8. Ne5 0-0 9. exd5 Nxd4 10. Bc4 Nxd5 11. Nc3 Be6 12. a4 Nxc3 13. bxc3 Bxc4 14. Nxc4 Ne6 15. Qf3 Qf6 16. Qxf6 gxf6 17. Rb1 Rab8 18. Re1 Rfe8 19. Kf1 Kg7 20. Re4 h5 21. Rb5 Nc5 22. Rxe8 Rxe8 23. a5 a6 24. Rb1 Ba7 25. Be3 Rb8 26. Bd4 b5 27. Ne3 Rb7 28. c4 Ne4 29. Rd1 Bxd4 30. Rxd4 Nc5 31. Rd5 Ne6 32. cxb5 axb5 33. Nf5+ Kh7 34. a6 Rb6 35. a7 Ra6 36. Rxb5 Rxa7 37. g3 c5 38. Ne3 Kg6 39. Kg2 Rc7 40. Nd5 Rd7 41. Ne3 f5 42. Rb6 Rc7 43. Nd5 Ra7 44. Nf4+ Kf6 45. Rc6 Ra5 46. h4 Ke5 47. Nxh5 Kd5 48. Rc8 c4 49. Nf4+ Nxf4+ 50. gxf4 Ra6 51. h5 Rh6 52. Rc7 Rxh5 53. Rxf7 Ke4 54. f3+ Ke3 55. Re7+ Kd2 56. Rd7+ Kc2 57. Kf2 c3 58. Ke3 Kc1 59. Rc7 c2 60. Kd3 Rh2 61. Kd4 Re2 62. Rc5 Kd2 0-1

[Event "SVK-chT 0405"]
[Site "Slovakia"]
[Date "2004.12.11"]
[Round "3"]
[White "Blaho, Stefan"]
[Black "Harasta, Vladimir"]
[Result "0-1"]
[WhiteElo "2233"]
[BlackElo "2140"]
[PlyCount "72"]
[EventDate "2004.11.13"]
[EventType "team-tourn"]
[EventRounds "11"]
[EventCountry "SVK"]
[SourceTitle "EXT 2019"]
[Source "ChessBase"]
[SourceDate "2018.10.10"]
[SourceVersion "1"]
[SourceVersionDate "2018.10.10"]
[SourceQuality "1"]
[WhiteTeam "Nove Zamky Basta"]
[BlackTeam "Bratislava Slovan II"]
[WhiteTeamCountry "SVK"]
[BlackTeamCountry "SVK"]

1. d4 d5 2. c4 c6 3. Nc3 e6 4. Nf3 dxc4 5. a4 Bb4 6. e4 b5 7. Be2 Nf6 8. Qc2 Bb7 9. 0-0 a6 10. Rd1 Nbd7 11. Bg5 h6 12. Bh4 g5 13. Bg3 Nh5 14. Be5 Nxe5 15. Nxe5 Nf4 16. Bf1 Qf6 17. Ng4 Qg7 18. e5 Qg6 19. Nf6+ Kf8 20. Qc1 Kg7 21. Nce4 Rhd8 22. h4 c5 23. g4 cxd4 24. h5 Qxe4 25. Nxe4 Bxe4 26. axb5 axb5 27. Rxa8 Bxa8 28. Kh2 Bf3 29. Kg3 Bxd1 30. Qxd1 d3 31. Kf3 d2 32. Ke4 Rd5 33. Kf3 Rxe5 34. Qc2 Re1 35. Be2 Nxe2 36. b3 Nd4+ 0-1

[Event "SVK-chT 0405"]
[Site "Slovakia"]
[Date "2004.11.14"]
[Round "2"]
[White "Frindt, Kornel"]
[Black "Harasta, Vladimir"]
[Result "1-0"]
[WhiteElo "2189"]
[BlackElo "2140"]
[PlyCount "108"]
[EventDate "2004.11.13"]
[EventType "team-tourn"]
[EventRounds "11"]
[EventCountry "SVK"]
[SourceTitle "EXT 2019"]
[Source "ChessBase"]
[SourceDate "2018.10.10"]
[SourceVersion "1"]
[SourceVersionDate "2018.10.10"]
[SourceQuality "1"]
[WhiteTeam "Kosice Slavia"]
[BlackTeam "Bratislava Slovan II"]
[WhiteTeamCountry "SVK"]
[BlackTeamCountry "SVK"]

1. e4 c5 2. Nf3 Nc6 3. Bb5 e6 4. 0-0 Nge7 5. Re1 a6 6. Bf1 d5 7. exd5 Nxd5 8. c3 Be7 9. d4 cxd4 10. Nxd4 Nxd4 11. Qxd4 0-0 12. Nd2 Bd7 13. Nf3 Qb6 14. Qxb6 Nxb6 15. c4 Rac8 16. Ne5 Bf6 17. b3 Bc6 18. Bd2 Bxe5 19. Rxe5 Nd7 20. Ree1 b5 21. Bb4 Rfe8 22. Rad1 Nf6 23. f3 bxc4 24. bxc4 Red8 25. Ba5 Rxd1 26. Rxd1 Kf8 27. Rb1 Nd7 28. Kf2 Rb8 29. Rxb8+ Nxb8 30. Ke3 Nd7 31. Bb4+ Ke8 32. Bd6 Kd8 33. Bd3 h6 34. Kd4 Kc8 35. Kc3 a5 36. Kd4 Kb7 37. Bg3 Kb6 38. Bd6 Kb7 39. Bh7 f6 40. Bg6 e5+ 41. Ke3 Kb6 42. g4 Nc5 43. Bf5 Be8 44. Be7 Bf7 45. Bd8+ Kc6 46. Bxa5 Bxc4 47. a3 Bf7 48. Bb4 h5 49. Bc2 hxg4 50. fxg4 Be6 51. h3 Bd5 52. Bg6 Be6 53. Be8+ Kd5 54. Bg6 Kc6 1-0

[Event "Brno Trade op"]
[Site "Brno"]
[Date "2004.09.05"]
[Round "9"]
[White "Harasta, Vladimir"]
[Black "Mlynek, Petr"]
[Result "0-1"]
[WhiteElo "2122"]
[BlackElo "2190"]
[PlyCount "74"]
[EventDate "2004.08.??"]
[EventType "swiss"]
[EventRounds "9"]
[EventCountry "CZE"]
[SourceTitle "CBM 103 Extra"]
[Source "ChessBase"]
[SourceDate "2005.01.01"]
[SourceVersion "1"]
[SourceVersionDate "2005.01.01"]
[SourceQuality "1"]

1. c4 c6 2. d4 d5 3. Nf3 e6 4. Nc3 dxc4 5. e3 b5 6. a4 Bb4 7. Bd2 a5 8. axb5 Bxc3 9. Bxc3 cxb5 10. b3 Bb7 11. bxc4 b4 12. Bb2 Nf6 13. Bd3 0-0 14. 0-0 Nbd7 15. Qc2 Qc7 16. c5 Bc6 17. e4 h6 18. Nd2 a4 19. Rfb1 Rfb8 20. Bc1 Qb7 21. f3 Ne8 22. Nc4 Qc7 23. Bd2 b3 24. Qc3 Bb5 25. Bc1 e5 26. Ba3 exd4 27. Qxd4 Rd8 28. Nd6 Bxd3 29. Qxd3 Nxc5 30. Nxe8 Rxe8 31. Qb5 Ne6 32. Rd1 Qa7+ 33. Kf1 Nd4 34. Qc4 Nc2 35. Bc5 Rec8 36. Qxb3 Qxc5 37. Rxa4 Rxa4 0-1

[Event "Brno Trade op"]
[Site "Brno"]
[Date "2004.09.04"]
[Round "8"]
[White "Holemar, David"]
[Black "Harasta, Vladimir"]
[Result "1/2-1/2"]
[WhiteElo "2380"]
[BlackElo "2122"]
[PlyCount "107"]
[EventDate "2004.08.??"]
[EventType "swiss"]
[EventRounds "9"]
[EventCountry "CZE"]
[SourceTitle "CBM 103 Extra"]
[Source "ChessBase"]
[SourceDate "2005.01.01"]
[SourceVersion "1"]
[SourceVersionDate "2005.01.01"]
[SourceQuality "1"]

1. d4 d5 2. c4 c6 3. Nc3 e6 4. cxd5 exd5 5. Bf4 Bd6 6. Bg3 Ne7 7. e3 0-0 8. Bd3 Bf5 9. Nge2 Bxd3 10. Qxd3 Re8 11. 0-0-0 Na6 12. Kb1 Qd7 13. Bxd6 Qxd6 14. f3 Qg6 15. e4 Qxg2 16. h4 Qg6 17. Qd2 Kh8 18. Rdg1 Qh6 19. Qxh6 gxh6 20. Nf4 Nc7 21. Nh5 Rg8 22. Kc2 Rg6 23. Ne2 Rag8 24. Nhf4 Rxg1 25. Rxg1 Rxg1 26. Nxg1 Ng6 27. Ng2 h5 28. Kd3 Kg7 29. Ne2 Ne6 30. Ke3 f6 31. Ng3 Kf7 32. Nxh5 Ne7 33. Nhf4 Nxf4 34. Nxf4 Ng6 35. h5 Ne7 36. Nd3 dxe4 37. fxe4 f5 38. e5 Nd5+ 39. Kf3 Kg7 40. Nf4 Ne7 41. Kg3 Kh6 42. Kh4 a5 43. a4 b6 44. b3 Kg7 45. Kg5 h6+ 46. Kh4 Nd5 47. Ne6+ Kg8 48. Kg3 Ne7 49. Kf4 Kf7 50. Nc7 Kg7 51. Ne6+ Kf7 52. Nd8+ Kg7 53. Ne6+ Kf7 54. Nd8+ 1/2-1/2

[Event "Brno Trade op"]
[Site "Brno"]
[Date "2004.09.03"]
[Round "6"]
[White "Ondrejat, Miroslav"]
[Black "Harasta, Vladimir"]
[Result "0-1"]
[WhiteElo "2072"]
[BlackElo "2122"]
[PlyCount "122"]
[EventDate "2004.08.??"]
[EventType "swiss"]
[EventRounds "9"]
[EventCountry "CZE"]
[SourceTitle "CBM 103 Extra"]
[Source "ChessBase"]
[SourceDate "2005.01.01"]
[SourceVersion "1"]
[SourceVersionDate "2005.01.01"]
[SourceQuality "1"]

1. b3 d5 2. e3 Bf5 3. Bb2 e6 4. f4 Nf6 5. Nf3 Nbd7 6. Be2 c6 7. 0-0 Bd6 8. Ne5 h6 9. d3 0-0 10. Bf3 Bh7 11. Qe2 Qc7 12. Nxd7 Nxd7 13. d4 Nf6 14. c4 Ne4 15. Nd2 Nxd2 16. Qxd2 Qe7 17. Bc3 Rac8 18. c5 Bb8 19. b4 f6 20. g3 e5 21. Bg2 exf4 22. exf4 Rce8 23. Rae1 Qd7 24. Rxe8 Rxe8 25. Re1 Be4 26. Kf2 Kf7 27. Re3 Bxg2 28. Rxe8 Qxe8 29. Kxg2 Qe4+ 30. Kg1 g6 31. a4 h5 32. h4 Qf3 33. Qe1 g5 34. Bd2 gxh4 35. gxh4 Bxf4 36. Bxf4 Qxf4 37. Qf2 Qg4+ 38. Kh2 f5 39. b5 f4 40. bxc6 bxc6 41. a5 Kf6 42. a6 f3 43. Qg3 Qxd4 44. Qxf3+ Ke6 45. Qxh5 Qe5+ 46. Qxe5+ Kxe5 47. Kg3 Kf5 48. Kf3 Kg6 49. Kf4 Kh5 50. Ke5 Kxh4 51. Kd6 d4 52. Kxc6 d3 53. Kb7 d2 54. c6 d1Q 55. c7 Qd7 56. Kb8 Qb5+ 57. Kxa7 Qc6 58. Kb8 Qb6+ 59. Kc8 Kg5 60. a7 Qxa7 61. Kd8 Kf6 0-1

[Event "Brno Trade op"]
[Site "Brno"]
[Date "2004.09.02"]
[Round "5"]
[White "Meszaros, Ludek"]
[Black "Harasta, Vladimir"]
[Result "1-0"]
[WhiteElo "2190"]
[BlackElo "2122"]
[PlyCount "107"]
[EventDate "2004.08.??"]
[EventType "swiss"]
[EventRounds "9"]
[EventCountry "CZE"]
[SourceTitle "CBM 103 Extra"]
[Source "ChessBase"]
[SourceDate "2005.01.01"]
[SourceVersion "1"]
[SourceVersionDate "2005.01.01"]
[SourceQuality "1"]

1. Nf3 d5 2. g3 c6 3. Bg2 Bf5 4. d3 Nf6 5. 0-0 Nbd7 6. Nbd2 e5 7. h3 h6 8. Re1 Bc5 9. e4 dxe4 10. dxe4 Be6 11. Qe2 0-0 12. Nb3 Bb6 13. Bd2 Qc7 14. Bc3 Rfe8 15. Nbd2 Nh7 16. Nc4 Bxc4 17. Qxc4 Nhf8 18. Rad1 Ba5 19. Bf1 b5 20. Bxa5 Qxa5 21. Qxc6 a6 22. Rxd7 Nxd7 23. Qxd7 Qxa2 24. c4 bxc4 25. Qd5 Qxb2 26. Bxc4 Ra7 27. Kg2 a5 28. Re2 Qb8 29. Ra2 Qa8 30. Qxa8 Raxa8 31. Bd5 Ra7 32. Ra4 Kf8 33. Nd2 Rb8 34. Nc4 f6 35. Rxa5 Rxa5 36. Nxa5 Rb2 37. Nc4 Rc2 38. Ne3 Rb2 39. g4 g6 40. h4 Kg7 41. h5 Rb6 42. Kg3 Rb1 43. Ng2 Rh1 44. Nh4 Rg1+ 45. Kf3 gxh5 46. gxh5 Kf8 47. Nf5 Rh1 48. Ng3 Ra1 49. Be6 Ra3+ 50. Kg2 Kg7 51. Nf5+ Kf8 52. Nxh6 Ra7 53. Bf5 Rg7+ 54. Bg6 1-0

[Event "Brno Duras BVK op-A"]
[Site "Brno"]
[Date "2004.07.07"]
[Round "5"]
[White "Snorek, Milan"]
[Black "Harasta, Vladimir"]
[Result "1-0"]
[WhiteElo "2213"]
[BlackElo "2122"]
[PlyCount "147"]
[EventDate "2004.07.??"]
[EventType "swiss"]
[EventRounds "9"]
[EventCountry "CZE"]
[SourceTitle "EXT 2005"]
[Source "ChessBase"]
[SourceDate "2004.11.15"]
[SourceVersion "1"]
[SourceVersionDate "2004.11.15"]
[SourceQuality "1"]

1. d4 d5 2. Nf3 Nf6 3. c4 e6 4. g3 Be7 5. Bg2 0-0 6. 0-0 dxc4 7. Qc2 a6 8. Qxc4 b5 9. Qc2 Bb7 10. Bd2 Nc6 11. e3 Nb4 12. Bxb4 Bxb4 13. Nc3 c5 14. Rfd1 Qb6 15. a3 Bxc3 16. bxc3 cxd4 17. cxd4 Rac8 18. Qb2 Rc7 19. a4 Rfc8 20. axb5 Rc2 21. Qb4 axb5 22. Ne1 R2c4 23. Qa5 Qxa5 24. Rxa5 Bxg2 25. Kxg2 Rb8 26. Rb1 b4 27. Nd3 g6 28. Ra4 Nd5 29. Rb3 Kg7 30. Kf3 Kf6 31. h4 Rc3 32. Rxc3 bxc3 33. Rc4 Rb3 34. Ne5 h5 35. Nd7+ Ke7 36. Nc5 Ra3 37. Nd3 f5 38. Nf4 Nf6 39. Nxg6+ Kd6 40. Ne5 Ne4 41. Rc6+ Kd5 42. Rc8 Ra6 43. Rc7 Rb6 44. Kf4 Ra6 45. f3 Nf2 46. Kg5 Nd1 47. Kf4 Nf2 48. Rc5+ Kd6 49. Nf7+ Ke7 50. Rc7+ Kf6 51. e4 fxe4 52. fxe4 Nd3+ 53. Ke3 c2 54. e5+ Kg6 55. Nh8+ Kh6 56. Kxd3 c1Q 57. Rxc1 Kg7 58. Ke4 Kxh8 59. Rc7 Ra1 60. Re7 Re1+ 61. Kf4 Rd1 62. Rd7 Rd3 63. g4 hxg4 64. Kxg4 Kg8 65. h5 Kf8 66. h6 Kg8 67. Kg5 Rf3 68. Kg6 Rg3+ 69. Kf6 Rh3 70. h7+ Kh8 71. Kxe6 Rh6+ 72. Kd5 Ra6 73. Ke4 Rb6 74. Rd6 1-0

[Event "SVK-chT1W 0405"]
[Site "Slovakia"]
[Date "2004.??.??"]
[Round "1"]
[White "Gazik, Renata"]
[Black "Harasta, Vladimir"]
[Result "0-1"]
[WhiteElo "2171"]
[BlackElo "2140"]
[PlyCount "80"]
[EventDate "2004.10.??"]
[EventType "team"]
[EventRounds "11"]
[EventCountry "SVK"]
[SourceTitle "EXT 2006"]
[Source "ChessBase"]
[SourceDate "2005.11.24"]
[SourceVersion "1"]
[SourceVersionDate "2005.11.24"]
[SourceQuality "1"]

1. d4 d5 2. Nf3 c6 3. c4 e6 4. Nc3 dxc4 5. a4 Bb4 6. e3 b5 7. Be2 Bb7 8. 0-0 a6 9. Ne5 Nf6 10. f4 Nbd7 11. Bf3 Qc7 12. axb5 cxb5 13. Nxb5 axb5 14. Rxa8+ Bxa8 15. Bxa8 0-0 16. Bf3 Rc8 17. Bd2 Bxd2 18. Qxd2 Nxe5 19. fxe5 Nd5 20. Bxd5 exd5 21. Qb4 Qc6 22. Qe7 Rf8 23. Kh1 h6 24. h3 Qe6 25. Qb7 f6 26. exf6 Rxf6 27. Rxf6 gxf6 28. Qxb5 Kg7 29. Qb7+ Kg6 30. Qb8 Qe4 31. Qg8+ Kh5 32. Kh2 f5 33. Qf7+ Kg5 34. Qg7+ Kh5 35. Qe5 Qxe5+ 36. dxe5 f4 37. e6 Kg6 38. exf4 d4 39. Kg3 c3 40. f5+ Kf6 0-1

[Event "SVK-chT1W 0405"]
[Site "Slovakia"]
[Date "2004.??.??"]
[Round "3"]
[White "Harasta, Vladimir"]
[Black "Belak, Stefan"]
[Result "1-0"]
[WhiteElo "2140"]
[BlackElo "1920"]
[PlyCount "75"]
[EventDate "2004.10.??"]
[EventType "team"]
[EventRounds "11"]
[EventCountry "SVK"]
[SourceTitle "EXT 2006"]
[Source "ChessBase"]
[SourceDate "2005.11.24"]
[SourceVersion "1"]
[SourceVersionDate "2005.11.24"]
[SourceQuality "1"]

1. c4 e5 2. Nc3 Nc6 3. Nf3 f5 4. d4 e4 5. Bg5 Be7 6. Bxe7 Ngxe7 7. Ng1 0-0 8. e3 d6 9. Nge2 a6 10. h4 Qe8 11. Nf4 Nd8 12. Be2 c6 13. b4 Ne6 14. Nxe6 Bxe6 15. g3 Qf7 16. c5 Rfd8 17. Qc2 Bc4 18. cxd6 Nc8 19. 0-0 Bxe2 20. Nxe2 Nxd6 21. Rfc1 Ne8 22. Qc4 Nf6 23. Qxf7+ Kxf7 24. Rc5 g6 25. a4 Nd7 26. Rc2 Ke7 27. Rb1 Rdc8 28. Rbc1 Rd8 29. Nf4 Nf6 30. b5 axb5 31. axb5 cxb5 32. Rb1 Ra5 33. Rc5 Rd7 34. Re5+ Kf7 35. Rbxb5 Rxb5 36. Rxb5 Ke7 37. Rb6 Kf7 38. Kg2 1-0

[Event "SVK-chT1W 0405"]
[Site "Slovakia"]
[Date "2004.??.??"]
[Round "2"]
[White "Harasta, Vladimir"]
[Black "Rakay, Kvetoslav"]
[Result "1/2-1/2"]
[WhiteElo "2140"]
[BlackElo "2116"]
[PlyCount "97"]
[EventDate "2004.10.??"]
[EventType "team"]
[EventRounds "11"]
[EventCountry "SVK"]
[SourceTitle "EXT 2006"]
[Source "ChessBase"]
[SourceDate "2005.11.24"]
[SourceVersion "1"]
[SourceVersionDate "2005.11.24"]
[SourceQuality "1"]

1. c4 e5 2. Nc3 Nc6 3. Nf3 Nf6 4. e3 d6 5. d4 Bg4 6. d5 Ne7 7. Be2 Ng6 8. Nd2 Bc8 9. 0-0 Be7 10. b3 0-0 11. f4 exf4 12. exf4 Nd7 13. Bb2 f5 14. g3 a5 15. Nf3 Nc5 16. Qc2 Bf6 17. Rfe1 Bd7 18. Rad1 Re8 19. Bf1 Rxe1 20. Rxe1 Qf8 21. Nd1 Bxb2 22. Qxb2 Re8 23. Rxe8 Qxe8 24. Qe2 Qxe2 25. Bxe2 Ne7 26. Kf2 c6 27. dxc6 bxc6 28. Ke3 h6 29. Nd4 Kf7 30. a3 Ne6 31. b4 axb4 32. axb4 c5 33. bxc5 Nxc5 34. Nc3 Nc6 35. Ndb5 Ke6 36. Bf3 Nb4 37. Nd4+ Ke7 38. Nd5+ Nxd5+ 39. Bxd5 g6 40. Kd2 Kf6 41. Kc3 g5 42. Nb3 Nxb3 43. Kxb3 Ke7 44. Kb4 Be8 45. Ka5 gxf4 46. gxf4 Bh5 47. Kb6 Bd1 48. Kc6 Bc2 49. Kc7 1/2-1/2

[Event "SVK-chT1W 0304"]
[Site "Slovakia"]
[Date "2004.??.??"]
[Round "7"]
[White "Malar, Pavol"]
[Black "Harasta, Vladimir"]
[Result "1/2-1/2"]
[WhiteElo "2105"]
[BlackElo "2170"]
[PlyCount "34"]
[EventDate "2003.10.??"]
[EventType "team"]
[EventRounds "9"]
[EventCountry "SVK"]
[SourceTitle "EXT 2005"]
[Source "ChessBase"]
[SourceDate "2004.11.15"]
[SourceVersion "1"]
[SourceVersionDate "2004.11.15"]
[SourceQuality "1"]

1. e4 e5 2. Nf3 Nc6 3. Bb5 Bc5 4. 0-0 Nge7 5. c3 Bb6 6. d3 0-0 7. Nbd2 d5 8. Qe2 Kh8 9. exd5 Qxd5 10. Bc4 Qd6 11. Re1 f6 12. Ne4 Qd8 13. a4 a6 14. Be3 Bxe3 15. fxe3 Bg4 16. Rad1 Qc8 17. h3 Be6 1/2-1/2

[Event "Bratislava Slovan op"]
[Site "Bratislava"]
[Date "2003.??.??"]
[Round "?"]
[White "Harasta, Vladimir"]
[Black "Federic, Pavol"]
[Result "1-0"]
[WhiteElo "2210"]
[BlackElo "2165"]
[PlyCount "85"]
[EventDate "2003.04.??"]
[EventType "swiss"]
[EventRounds "9"]
[EventCountry "SVK"]
[SourceTitle "EXT 2005"]
[Source "ChessBase"]
[SourceDate "2004.11.15"]
[SourceVersion "1"]
[SourceVersionDate "2004.11.15"]
[SourceQuality "1"]

1. c4 e5 2. Nc3 Nc6 3. Nf3 Nf6 4. e3 d5 5. cxd5 Nxd5 6. Bb5 Bg4 7. Qa4 Bd7 8. Nxd5 a6 9. Be2 Nb4 10. Qb3 Be6 11. e4 c6 12. d3 cxd5 13. Ng5 Qc8 14. 0-0 Nc2 15. Rb1 Nd4 16. Qd1 dxe4 17. Nxe6 Qxe6 18. dxe4 Qxa2 19. Be3 Nxe2+ 20. Qxe2 Be7 21. Rbc1 0-0 22. Rc7 Bd6 23. Rxb7 Rfb8 24. Rxb8+ Rxb8 25. Rc1 h6 26. h3 Rxb2 27. Qg4 Kh7 28. Rc6 Rb1+ 29. Kh2 Bf8 30. Qc8 Be7 31. Rxa6 Rb8 32. Qf5+ g6 33. Rxa2 gxf5 34. exf5 Kg7 35. Ra5 Rb4 36. g4 Bd8 37. Rd5 Bc7 38. Kg3 Rb1 39. Kh4 Rh1 40. Rd7 Bb8 41. Bxh6+ Kxh6 42. Rxf7 Rg1 43. g5+ 1-0

[Event "Bratislava Slovan op"]
[Site "Bratislava"]
[Date "2003.??.??"]
[Round "?"]
[White "Harasta, Vladimir"]
[Black "Szollos, Ondrej"]
[Result "1-0"]
[WhiteElo "2210"]
[BlackElo "2095"]
[PlyCount "81"]
[EventDate "2003.04.??"]
[EventType "swiss"]
[EventRounds "9"]
[EventCountry "SVK"]
[SourceTitle "EXT 2005"]
[Source "ChessBase"]
[SourceDate "2004.11.15"]
[SourceVersion "1"]
[SourceVersionDate "2004.11.15"]
[SourceQuality "1"]

1. c4 Nf6 2. Nc3 c6 3. e4 d6 4. d4 Qc7 5. Nf3 e5 6. Be2 Be7 7. 0-0 0-0 8. Qc2 Re8 9. d5 Nbd7 10. Ne1 Nf8 11. Nd3 Ng6 12. f3 Nh5 13. Re1 Nhf4 14. Bf1 Bd7 15. Nf2 Rac8 16. Be3 cxd5 17. cxd5 b5 18. a3 a5 19. Qd2 Qb7 20. b4 a4 21. g3 Nh5 22. Qd3 Rb8 23. Rac1 Bd8 24. Kh1 Rf8 25. Bh3 Bxh3 26. Nxh3 Qd7 27. Kg2 Bb6 28. Bxb6 Qxh3+ 29. Kxh3 Nhf4+ 30. gxf4 Nxf4+ 31. Kg3 Nxd3 32. Bc7 Rb7 33. Bxd6 Re8 34. Red1 Nxc1 35. Rxc1 f6 36. Ne2 Kf7 37. Rc7+ Rxc7 38. Bxc7 Rc8 39. d6 Ke6 40. Nc3 f5 41. exf5+ 1-0

[Event "SVK-chT1W 0203"]
[Site "Slovakia"]
[Date "2002.10.12"]
[Round "1.1"]
[White "Harasta, Vladimir"]
[Black "Bury, Rastislav"]
[Result "1-0"]
[WhiteElo "2190"]
[BlackElo "1984"]
[PlyCount "67"]
[EventDate "2002.10.12"]
[EventType "team-tourn"]
[EventRounds "11"]
[EventCountry "SVK"]
[SourceTitle "EXT 2005"]
[Source "ChessBase"]
[SourceDate "2004.11.15"]
[SourceVersion "1"]
[SourceVersionDate "2004.11.15"]
[SourceQuality "1"]
[WhiteTeam "Holic"]
[BlackTeam "Bratislava Slovan"]
[WhiteTeamCountry "SVK"]
[BlackTeamCountry "SVK"]

1. c4 Nf6 2. Nc3 d5 3. cxd5 Nxd5 4. Nf3 g6 5. Qa4+ c6 6. Nxd5 Qxd5 7. e4 Qd8 8. d4 Bg7 9. Be3 0-0 10. Be2 Nd7 11. 0-0 e5 12. Rad1 exd4 13. Bxd4 Qe7 14. Bxg7 Kxg7 15. Rfe1 Nf6 16. e5 Nd5 17. Bf1 Be6 18. a3 a5 19. h3 Qc7 20. Qh4 h6 21. Bc4 Qd8 22. Qg3 Qe7 23. Nd4 Rad8 24. Kh2 Qc5 25. Ba2 Qb6 26. Bb1 Ne7 27. Qf4 Nd5 28. Qg3 Ne7 29. Qh4 c5 30. Qf6+ Kh7 31. Nxe6 Qxe6 32. Qxe6 fxe6 33. Rd6 Rxf2 34. Rxd8 1-0

[Event "Tatry op"]
[Site "Tatranske Zruby"]
[Date "2002.10.01"]
[Round "5"]
[White "Harasta, Vladimir"]
[Black "Vacovska, Veronika"]
[Result "1/2-1/2"]
[WhiteElo "2190"]
[BlackElo "2087"]
[PlyCount "48"]
[EventDate "2002.09.28"]
[EventType "swiss"]
[EventRounds "9"]
[EventCountry "SVK"]
[SourceTitle "EXT 2005"]
[Source "ChessBase"]
[SourceDate "2004.11.15"]
[SourceVersion "1"]
[SourceVersionDate "2004.11.15"]
[SourceQuality "1"]

1. c4 e6 2. Nc3 d5 3. d4 c6 4. e4 dxe4 5. Nxe4 Bb4+ 6. Bd2 Bxd2+ 7. Qxd2 Nf6 8. Nc3 Nbd7 9. Nf3 Qa5 10. Be2 0-0 11. 0-0 Re8 12. Rfe1 Qc7 13. Bf1 b6 14. d5 cxd5 15. cxd5 exd5 16. Nxd5 Qd8 17. Bb5 Rxe1+ 18. Rxe1 Bb7 19. Bc6 Bxc6 20. Ne7+ Kh8 21. Nxc6 Qc7 22. Ncd4 Qc5 23. h3 Rc8 24. Qf4 Nf8 1/2-1/2